| 000 | 00881nam a22002657a 4500 | ||
|---|---|---|---|
| 999 |
_c14672 _d14672 |
||
| 003 | AR-CdUCM | ||
| 008 | 190422b ||||| |||| 00| 0 spa d | ||
| 020 | _a978-607-618-217-8 | ||
| 040 |
_aMUNICIPALIDAD PROVINCIAL DEL CUSCO _cBIBLIOTECA MUNICIPAL DEL CUSCO |
||
| 041 | _heng | ||
| 082 |
_aPI / 376.1 / _bR86 |
||
| 100 |
_a Rousseau, Fabienne _932812 |
||
| 245 |
_aPequeños Genios en Acción : _b80 actividades 3-4 años / |
||
| 260 |
_aMexico D. F. : _bAdvance Marketing, _bAuzou, _c2014. |
||
| 300 |
_a89 páginas ; _bIlustraciones, _c23 cm. |
||
| 440 |
_aPequeños Campeones _932813 |
||
| 505 | _aContenido: Pequeños Genios en Acción. | ||
| 650 |
_aInfaltil _932814 |
||
| 650 |
_aPequeños genios _932815 |
||
| 650 |
_a4 años _932816 |
||
| 650 |
_a5 años _932817 |
||
| 700 |
_aQuiros, Gemma (traductor) _932818 |
||
| 942 |
_2ddc _cLIBROS |
||
| 945 |
_apjha _d2019-04-24 |
||